| 000 | 00747nam a2200229 a 4500 | ||
|---|---|---|---|
| 999 |
_c11267 _d11267 |
||
| 001 | 11267 | ||
| 003 | BD-JhCC | ||
| 005 | 20190915083804.0 | ||
| 008 | 190620s 2008bg a|||| ||a| 000 0 ben d | ||
| 020 | _a9789848857526 | ||
| 035 | _a(BD-JhCC)11267 | ||
| 040 |
_aBD-JhCC _dBD-JhCC |
||
| 041 | _aben | ||
| 082 |
_bSHI 2008 _a608 |
||
| 100 | _aশীল, ড. রবীন্দ্রনাথ | ||
| 245 |
_aবিজ্ঞানের নানা আবিষ্কার / _c ড. রবীন্দ্রনাথ শীল । |
||
| 260 |
_aঢাকা: _bমুক্তাধারা; _c২০০৮. |
||
| 300 |
_a৬৪ পৃ . : _bill; _c২২ সেমি. |
||
| 650 | _aInventions | ||
| 942 |
_2ddc _cBK |
||